000 00522nam a2200181Ia 4500
005 20250326124119.0
008 250326s9999 xx 000 0 und d
037 _aTextbook
040 _aFMSL
_beng
_cFMSL
041 _aeng
_2eng
084 _aX:27 L7
_qFMSL
100 _aYoung O
_9140388
245 0 _aResource management at the international level: case of the North pacific
_cYoung O
260 _aNY
_bNY, Frances Pinter
_c1977
300 _a252p
942 _cTB
_hX:27 L7
999 _c1272342
_d1272342